|
|
|
|
| LEADER |
00000nam a2200000Ii 4500 |
| 001 |
DIGUCAUCA0107 |
| 003 |
NyNyDIG |
| 006 |
m o d |
| 007 |
cr ||||||||||| |
| 008 |
220503s2020 ck a ob 001 0 spa d |
| 035 |
|
|
|a (OCoLC)1301901912
|
| 040 |
|
|
|a DGITA
|b eng
|e rda
|e pn
|c DGITA
|
| 020 |
|
|
|a 9789587323832
|q eBook
|q pdf
|
| 020 |
|
|
|z 9789587323825
|
| 043 |
|
|
|a s-ck---
|
| 050 |
1 |
4 |
|a LA568.7 ebook
|
| 082 |
0 |
4 |
|a 371.81
|
| 100 |
1 |
|
|a Campo Bonilla Herrera, Hernán del,
|d 1952-
|e author.
|
| 245 |
1 |
0 |
|a Excomulgados :
|b crónica de un momento del movimiento estudiantil en la Universidad del Cauca (1979-1981) /
|c Hernán del Campo Bonilla Herrera ; prólogo de Adolfo Albán Achinte.
|
| 250 |
|
|
|a Primera edición en español.
|
| 264 |
|
1 |
|a Popayán, Colombia :
|b editorial UC, Editorial Universidad del Cauca,
|c 2020.
|
| 300 |
|
|
|a 1 online resource :
|b illustrations.
|
| 336 |
|
|
|a text
|b txt
|2 rdacontent
|
| 337 |
|
|
|a computer
|b c
|2 rdamedia
|
| 338 |
|
|
|a online resource
|b cr
|2 rdacarrier
|
| 347 |
|
|
|a text file
|2 rdaft
|
| 347 |
|
|
|b PDF
|
| 500 |
|
|
|a "Convocatoria 2018 investigación".
|
| 504 |
|
|
|a Includes bibliographical references and index.
|
| 588 |
0 |
|
|a Online resource; title from PDF title page (Digitalia, viewed May 3, 2022)
|
| 610 |
2 |
0 |
|a Universidad del Cauca
|x Students
|x Political activity
|x History.
|
| 650 |
|
0 |
|a Student movements
|z Colombia
|z Cauca (Department)
|x History.
|
| 655 |
|
0 |
|a Electronic books.
|
| 700 |
1 |
|
|a Albán, Adolfo,
|e contributor agent of text.
|
| 791 |
2 |
|
|a Digitalia (Firm),
|e distributor.
|
| 793 |
0 |
|
|g Digitalia eBook Collection:
|a Editorial Universidad del Cauca
|
| 776 |
0 |
8 |
|i Print version:
|a Campo Bonilla Herrera, Hernán del, 1952-
|t .
|b Primera edición en español.
|d Popayán, Colombia : editorial UC, Editorial Universidad del Cauca, 2020
|z 9789587323825
|
| 856 |
4 |
0 |
|3 Digitalia Hispánica
|u https://www.digitaliapublishing.com/a/111398/
|
| 910 |
|
|
|a Premium collection: 2022
|